Pays ayant l'espagnol comme langue officielle - Statistiques

Statistiques générales
  • Ce quiz a été pris 547 fois
  • Le résultat moyen est 9 sur 20
Answers on the Grid
Answers color-coded by a green-red scale on the quiz's grid according to % correct below.
Argentine (de facto)
Bolivie
Chili
Colombie
Costa Rica
Cuba
Equateur
Espagne
Guatemala
Guinée équatoriale
Honduras
Mexique (de facto)
Nicaragua
Panama
Paraguay
Pérou
République Dominicaine
Salvador
Uruguay
Venzuela
Belize
Maroc
Andorre
Etats-Unis (de facto)
Portugal
Angola
Mozambique
Antigua-et-Barbuda
Barbade
Bénin
Togo
Timor Oriental
Seychelles
Sao-Tomé-et-Principe
Philppines
Palaos
Cap-Vert
Comores
Dominique
Ethiopie
Gabon
Gambie
Grenade
Guinée-Bissau
Guyana
 
Statistiques - réponses
Réponse % Correct
Espagne
59%
Costa Rica
51%
Venzuela
51%
Chili
50%
Equateur
48%
Pérou
48%
Uruguay
48%
Colombie
46%
Cuba
46%
Panama
46%
Paraguay
46%
Mexique (de facto)
44%
Argentine (de facto)
43%
Guatemala
42%
Bolivie
41%
Salvador
40%
Honduras
39%
Nicaragua
38%
République Dominicaine
29%
Guinée équatoriale
15%
Aucun quiz correspondant
Distribution des résultats
% des personnes avec chaque résultat
Percentile par nombre de réponses
Votre historique - résultats
Vous n’avez pas pris ce quiz